|
|
|
|
| LEADER |
01169cam a2200301 7i4500 |
| 001 |
0000028242 |
| 005 |
20180330090000.0 |
| 020 |
|
|
|a 9789834500344 (pbk.)
|
| 090 |
0 |
0 |
|a HF5635
|b .W59 2008
|
| 100 |
0 |
|
|a Wan Madznah Wan Ibrahim
|
| 245 |
1 |
0 |
|a Fundamentals of business accounting
|c Wan Madznah Wan Ibrahim, Kumar Bijoy, Khairul Naziya Kasim.
|
| 260 |
|
|
|a Shah Alam, Selangor:
|b Oxford University Press,
|c 2008.
|
| 300 |
|
|
|a xix, 394 p.:
|b ill.;
|c 26 cm.
|
| 500 |
|
|
|a Gift: Faculty of Business & Accountancy
|
| 500 |
|
|
|a Includes index
|
| 650 |
0 |
0 |
|a Managerial accounting
|
| 650 |
0 |
0 |
|a Cost accounting
|
| 700 |
1 |
|
|a Bijoy, Kumar
|
| 700 |
0 |
|
|a Khairul Naziya Kasim
|
| 997 |
|
|
|a Business & Accountancy, Faculty
|
| 998 |
|
|
|a Accountancy, Diploma
|
| 998 |
|
|
|a Accountancy, Degree
|
| 999 |
|
|
|a 0000051381
|b BOK
|c OPEN SHELF
|e 1st Floor, Shah Alam
|
| 999 |
|
|
|a 0000061565
|b BOK
|c OPEN SHELF
|e 1st Floor, Shah Alam
|
| 999 |
|
|
|a 0000061567
|b BOK
|c OPEN SHELF
|e 1st Floor, Shah Alam
|
| 999 |
|
|
|a 0000063909
|b BOK
|c OPEN SHELF
|e 1st Floor, Shah Alam
|
| 999 |
|
|
|a 0000063922
|b BOK
|c OPEN SHELF
|e 1st Floor, Shah Alam
|
| 999 |
|
|
|a 0000066858
|b BOK
|c OPEN SHELF
|e 1st Floor, Shah Alam
|